[Event "Toronto"]
[Site "Toronto"]
[Date "2012.07.20"]
[Round "7"]
[White "Yee, Lorne"]
[Black "Southam, David"]
[Result "1-0"]
[WhiteElo "2282"]
[BlackElo "2220"]
[PlyCount "93"]
[EventDate "2012.07.15"]
[EventType "swiss"]
[EventRounds "7"]
[EventCountry "CAN"]
[SourceTitle "EXT 2022"]
[Source "ChessBase"]
[SourceDate "2021.10.06"]
[SourceVersion "1"]
[SourceVersionDate "2021.10.06"]
[SourceQuality "1"]

1. d4 g6 2. Nf3 Bg7 3. Bf4 d6 4. e3 Nd7 5. Be2 e5 6. Bg3 Ne7 7. dxe5 dxe5 8. e4 0-0 9. Nc3 Nc6 10. Bh4 Bf6 11. Bxf6 Nxf6 12. h3 Qxd1+ 13. Rxd1 a6 14. Bc4 Kg7 15. a3 h6 16. 0-0 Bd7 17. Rd2 Rae8 18. Bd5 Nd8 19. Rfd1 Bc8 20. Ba2 Be6 21. Bxe6 Nxe6 22. b4 Ng5 23. Nxg5 hxg5 24. f3 Re7 25. Kf2 Rfe8 26. Na4 b6 27. c4 Nh7 28. Nc3 Rc8 29. Rd8 Rxd8 30. Rxd8 Nf8 31. Nd5 Ne6 32. Ra8 Rd7 33. Rxa6 c6 34. Ne3 Rd2+ 35. Kf1 Ra2 36. Rxb6 Rxa3 37. Ng4 Ra2 38. Rxc6 Nf4 39. b5 Ra1+ 40. Kf2 Ra2+ 41. Ke1 Nd3+ 42. Kd1 f5 43. Rc7+ Kf8 44. Nf6 fxe4 45. Nxe4 Rb2 46. Nc5 Nxc5 47. Rxc5 1-0

[Event "Toronto"]
[Site "Toronto"]
[Date "2012.07.17"]
[Round "4"]
[White "Yee, Lorne"]
[Black "Peng, Jackie"]
[Result "0-1"]
[WhiteElo "2282"]
[BlackElo "2172"]
[PlyCount "74"]
[EventDate "2012.07.15"]
[EventType "swiss"]
[EventRounds "7"]
[EventCountry "CAN"]
[SourceTitle "EXT 2022"]
[Source "ChessBase"]
[SourceDate "2021.10.06"]
[SourceVersion "1"]
[SourceVersionDate "2021.10.06"]
[SourceQuality "1"]

1. d4 Nf6 2. Bf4 g6 3. e3 Bg7 4. c4 d6 5. Nc3 Nh5 6. Bg5 0-0 7. Be2 Nf6 8. Nf3 Nbd7 9. 0-0 e5 10. h3 c6 11. Rc1 h6 12. Bh4 Qe8 13. b4 Nh7 14. dxe5 dxe5 15. Ne4 g5 16. Nd6 Qe6 17. Bg3 c5 18. e4 b6 19. a3 Rd8 20. Qd5 Qxd5 21. cxd5 Bf8 22. Nxc8 Rdxc8 23. Ba6 Re8 24. Bb5 Nhf6 25. Rc4 a6 26. Bc6 Rad8 27. b5 axb5 28. Bxb5 Bd6 29. Rb1 Re7 30. Nd2 Bc7 31. Ra4 Ne8 32. Nc4 Ndf6 33. f3 Nd6 34. Ra7 Kf8 35. a4 Rb8 36. Nxd6 Bxd6 37. Bc6 Rxa7 0-1

[Event "Toronto"]
[Site "Toronto"]
[Date "2012.07.16"]
[Round "3"]
[White "Yee, Lorne"]
[Black "Plotkin, Victor"]
[Result "0-1"]
[WhiteElo "2282"]
[BlackElo "2411"]
[PlyCount "90"]
[EventDate "2012.07.15"]
[EventType "swiss"]
[EventRounds "7"]
[EventCountry "CAN"]
[SourceTitle "EXT 2022"]
[Source "ChessBase"]
[SourceDate "2021.10.06"]
[SourceVersion "1"]
[SourceVersionDate "2021.10.06"]
[SourceQuality "1"]

1. d4 Nf6 2. Bf4 d5 3. e3 c5 4. Nc3 Qa5 5. Bb5+ Bd7 6. Bxd7+ Nbxd7 7. Nge2 e6 8. 0-0 Be7 9. dxc5 Qxc5 10. Qd4 0-0 11. Rfd1 Qxd4 12. exd4 Rfc8 13. Nc1 Bb4 14. N1e2 Nb6 15. Rdc1 Nc4 16. Nd1 Rc6 17. c3 Be7 18. a4 Na5 19. Rcb1 Nb3 20. Ra2 Ne4 21. Nc1 Nxc1 22. Rxc1 Rac8 23. f3 Nd6 24. Bxd6 Bxd6 25. Nf2 Kf8 26. Nd3 f6 27. f4 Kf7 28. Re1 Ra6 29. g3 h6 30. Kf2 g5 31. Kf3 Rg8 32. Raa1 gxf4 33. Nxf4 Bxf4 34. Kxf4 Rg5 35. Ke3 Rf5 36. b3 e5 37. Rf1 Rxf1 38. Rxf1 Ke6 39. dxe5 fxe5 40. g4 Rb6 41. Rb1 Ke7 42. a5 Rf6 43. Rg1 Rf4 44. g5 hxg5 45. Rxg5 Kf6 0-1

[Event "Canadian op 48th"]
[Site "Toronto"]
[Date "2011.07.10"]
[Round "2"]
[White "Yee, Lorne"]
[Black "Roller, Robert"]
[Result "1-0"]
[WhiteElo "2260"]
[BlackElo "1993"]
[PlyCount "193"]
[EventDate "2011.07.09"]
[EventType "swiss"]
[EventRounds "9"]
[EventCountry "CAN"]
[SourceTitle "EXT 2022"]
[Source "ChessBase"]
[SourceDate "2021.10.06"]
[SourceVersion "1"]
[SourceVersionDate "2021.10.06"]
[SourceQuality "1"]

1. d4 e6 2. Nf3 Nf6 3. Bg5 h6 4. Bh4 d6 5. e3 g5 6. Bg3 Nh5 7. c4 Bg7 8. Nc3 Nd7 9. Be2 a6 10. Qc2 Qe7 11. Nd2 Ndf6 12. Rb1 0-0 13. b4 Nxg3 14. hxg3 c6 15. 0-0 Nh7 16. c5 d5 17. Bd3 f5 18. f4 Nf6 19. Nf3 Ng4 20. Qe2 Bd7 21. Nh2 Nf6 22. Qe1 g4 23. Kf2 Kf7 24. Ke2 Rh8 25. Rh1 h5 26. Nf1 Ne4 27. Bxe4 fxe4 28. Nd2 Bf6 29. Nb3 Rag8 30. Na5 Bc8 31. a4 Qd8 32. Nb3 h4 33. gxh4 Bxh4 34. g3 Bf6 35. Qf2 Rh3 36. Rxh3 gxh3 37. Rh1 Rh8 38. Qf1 Qg8 39. Qf2 Qg4+ 40. Kd2 Rg8 41. Ne2 Qf3 42. Qf1 Be7 43. Qxh3 e5 44. Qh5+ Qxh5 45. Rxh5 exf4 46. exf4 Bg4 47. Rh7+ Ke6 48. Nbc1 Ra8 49. a5 Rg8 50. Ke3 Bf5 51. Rh6+ Bf6 52. Rh1 Kf7 53. Rh5 Ke6 54. Kf2 Bg6 55. Rh2 Bf5 56. Rh1 Kf7 57. Rh6 Kg7 58. Rh1 Kf7 59. Na2 Kg6 60. Nac3 Re8 61. Rh2 Bg4 62. Ke3 Re7 63. Nc1 Re8 64. Nb3 Re7 65. Nb1 Bd1 66. Nc1 Bg4 67. Na3 Re8 68. Nc2 Re7 69. Nb3 Bd1 70. Kd2 Bf3 71. Ne3 Re8 72. Ke1 Re7 73. Kf2 Rh7 74. Rxh7 Kxh7 75. Ke1 Kg7 76. Nd2 Kg6 77. Nb3 Bg7 78. Kf1 Kf7 79. Kf2 Ke6 80. g4 Bf6 81. Kg3 Be2 82. g5 Be7 83. f5+ Kf7 84. Kf4 Bd8 85. Ng4 Bxg4 86. Kxg4 e3 87. Nc1 Kg7 88. Ne2 Bc7 89. Kf3 Bd8 90. Kf4 Kf7 91. Kg4 Kg7 92. f6+ Kf7 93. Kf5 Kg8 94. g6 Kf8 95. Ke6 Kg8 96. g7 Kh7 97. Kf7 1-0

[Event "Canadian op"]
[Site "Toronto"]
[Date "2010.07.17"]
[Round "8"]
[White "Yee, Lorne"]
[Black "Gagunashvili, Merab"]
[Result "0-1"]
[WhiteElo "2195"]
[BlackElo "2596"]
[PlyCount "66"]
[EventDate "2010.07.10"]
[EventType "swiss"]
[EventRounds "9"]
[EventCountry "CAN"]
[SourceTitle "CBM 137 Extra"]
[Source "ChessBase"]
[SourceDate "2010.09.01"]
[SourceVersion "1"]
[SourceVersionDate "2010.09.01"]
[SourceQuality "1"]

1. d4 d6 2. Bf4 g6 3. e3 Bg7 4. Nf3 Nd7 5. c3 e5 6. Bg3 Ne7 7. dxe5 dxe5 8. h3 0-0 9. Bc4 Nf5 10. Bh2 Nd6 11. Bb3 b6 12. Bd5 Rb8 13. 0-0 Ba6 14. Re1 Qe7 15. b4 Rbd8 16. Qb3 Nb8 17. Na3 c6 18. Bc4 Nxc4 19. Nxc4 e4 20. Nd4 c5 21. bxc5 bxc5 22. Ne2 Qe6 23. Nd6 Rxd6 24. Bxd6 Qxd6 25. Nf4 Bd3 26. Red1 Rd8 27. Rac1 c4 28. Qb7 Qd7 29. Qb2 Nc6 30. Ne2 Rb8 31. Qd2 Qc7 32. Nd4 Bf8 33. a4 Na5 0-1

[Event "Canadian op"]
[Site "Sackville"]
[Date "2001.07.15"]
[Round "10"]
[White "Yee, Lorne"]
[Black "Cummings, David H"]
[Result "0-1"]
[WhiteElo "2185"]
[BlackElo "2369"]
[PlyCount "88"]
[EventDate "2001.07.07"]
[EventType "swiss"]
[EventRounds "10"]
[EventCountry "CAN"]
[SourceTitle "EXT 2002"]
[Source "ChessBase"]
[SourceDate "2001.11.25"]
[SourceVersion "1"]
[SourceVersionDate "2001.11.25"]
[SourceQuality "1"]

1. c4 Nf6 2. Nc3 c5 3. Nf3 e6 4. g3 b6 5. Bg2 Bb7 6. 0-0 a6 7. b3 Be7 8. Bb2 0-0 9. d4 cxd4 10. Nxd4 Bxg2 11. Kxg2 d6 12. e4 Qc7 13. Rc1 Nbd7 14. Qe2 Qb7 15. f3 Rfe8 16. Rfd1 Bf8 17. Qd2 Ne5 18. h3 Rac8 19. Re1 Nfd7 20. Qe2 Nc5 21. Rcd1 h6 22. f4 Ng6 23. Nf3 Rb8 24. Ba3 Qc7 25. Rc1 Be7 26. Qe3 Qb7 27. Bxc5 bxc5 28. Rcd1 Rbd8 29. Rd3 Bf6 30. Na4 Be7 31. Red1 Qc7 32. h4 Bf8 33. Kh2 Ne7 34. Nc3 Nc6 35. e5 dxe5 36. Nxe5 Nd4 37. Nf3 Nf5 38. Qd2 Be7 39. Rd7 Nd4 40. Rxd4 cxd4 41. Nxd4 Bc5 42. Nce2 e5 43. fxe5 Qxe5 44. b4 Bxd4 0-1

[Event "Canadian op"]
[Site "Sackville"]
[Date "2001.07.13"]
[Round "8"]
[White "Yee, Lorne"]
[Black "O'Donnell, Tom"]
[Result "0-1"]
[WhiteElo "2185"]
[BlackElo "2357"]
[PlyCount "62"]
[EventDate "2001.07.07"]
[EventType "swiss"]
[EventRounds "10"]
[EventCountry "CAN"]
[SourceTitle "EXT 2002"]
[Source "ChessBase"]
[SourceDate "2001.11.25"]
[SourceVersion "1"]
[SourceVersionDate "2001.11.25"]
[SourceQuality "1"]

1. c4 e6 2. Nc3 d5 3. cxd5 exd5 4. d4 c6 5. Nf3 Bf5 6. a3 Bd6 7. Bg5 Ne7 8. e3 0-0 9. Bh4 Nd7 10. Bd3 Bxd3 11. Qxd3 a5 12. 0-0 Re8 13. b3 Nb6 14. Nd2 Qd7 15. Bg3 Nf5 16. Bxd6 Nxd6 17. a4 f5 18. f4 Qe7 19. Rae1 Ne4 20. Nf3 Qb4 21. Nb1 Nc8 22. Ne5 Ra6 23. Rc1 Rb6 24. Nd7 Qxb3 25. Nc3 Rb4 26. Nc5 Nxc5 27. dxc5 Rc4 28. Rc2 Qa3 29. Rfc1 Qxc5 30. Nd1 Nd6 31. Rxc4 dxc4 0-1

[Event "CAN-ch op"]
[Site "Sackville"]
[Date "2001.07.10"]
[Round "5"]
[White "Candow, John"]
[Black "Yee, Lorne"]
[Result "0-1"]
[WhiteElo "1658"]
[BlackElo "2230"]
[PlyCount "68"]
[EventDate "2001.07.??"]
[EventType "swiss"]
[EventRounds "10"]
[EventCountry "CAN"]
[SourceTitle "EXT 2006"]
[Source "ChessBase"]
[SourceDate "2005.11.24"]
[SourceVersion "1"]
[SourceVersionDate "2005.11.24"]
[SourceQuality "1"]

1. d4 d5 2. c4 e6 3. Nc3 Nf6 4. Nf3 Nbd7 5. Bf4 c6 6. e3 Be7 7. cxd5 exd5 8. Bd3 Nh5 9. Ne5 Nxf4 10. exf4 g6 11. 0-0 f5 12. Re1 Nxe5 13. dxe5 Be6 14. Qb3 Qb6 15. Qc2 Qd4 16. Ne2 Qc5 17. Qb3 Qb6 18. Qc2 a5 19. g4 Rf8 20. g5 Kf7 21. Rac1 Rac8 22. Kg2 c5 23. Ng3 c4 24. Be2 Qd4 25. Kf3 Qc5 26. Kg2 d4 27. Qd2 Rfd8 28. a3 c3 29. Qd1 b5 30. h4 b4 31. h5 d3 32. hxg6+ hxg6 33. Bh5 Qd5+ 34. Kh3 Rh8 0-1

[Event "Toronto Christmas op"]
[Site "Toronto"]
[Date "2000.12.30"]
[Round "5"]
[White "Yee, Lorne"]
[Black "Golts, Roman"]
[Result "1-0"]
[WhiteElo "2214"]
[BlackElo "2303"]
[PlyCount "75"]
[EventDate "2000.12.26"]
[EventType "swiss"]
[EventRounds "6"]
[EventCountry "CAN"]
[SourceTitle "EXT 2022"]
[Source "ChessBase"]
[SourceDate "2021.10.06"]
[SourceVersion "1"]
[SourceVersionDate "2021.10.06"]
[SourceQuality "1"]

1. d4 Nf6 2. Nf3 e6 3. Bf4 b6 4. e3 Bb7 5. Be2 d6 6. h3 Nbd7 7. 0-0 Be7 8. c4 0-0 9. Nc3 Ne4 10. Nxe4 Bxe4 11. Nd2 Bb7 12. Qc2 c5 13. dxc5 Nxc5 14. b4 Nd7 15. Bf3 Bxf3 16. Nxf3 Qc8 17. Qb3 Nf6 18. Rfd1 d5 19. Rac1 Qb7 20. b5 a6 21. a4 dxc4 22. Rxc4 Nd5 23. Bg3 axb5 24. axb5 Ra3 25. Qc2 Rfa8 26. e4 Nb4 27. Rc7 Nxc2 28. Rxb7 Bc5 29. Rdd7 Rf8 30. Kh2 Raa8 31. Ng5 Rad8 32. Rxd8 Rxd8 33. Nxf7 Rf8 34. Ng5 Bxf2 35. Be5 Bd4 36. Rxg7+ Kh8 37. Rxh7+ Kg8 38. Rh8# 1-0

[Event "Toronto Christmas op"]
[Site "Toronto"]
[Date "2000.12.29"]
[Round "4"]
[White "Bluvshtein, Mark"]
[Black "Yee, Lorne"]
[Result "1/2-1/2"]
[WhiteElo "2268"]
[BlackElo "2214"]
[PlyCount "72"]
[EventDate "2000.12.26"]
[EventType "swiss"]
[EventRounds "6"]
[EventCountry "CAN"]
[SourceTitle "EXT 2022"]
[Source "ChessBase"]
[SourceDate "2021.10.06"]
[SourceVersion "1"]
[SourceVersionDate "2021.10.06"]
[SourceQuality "1"]

1. e4 c6 2. d4 d5 3. Nd2 dxe4 4. Nxe4 Bf5 5. Ng3 Bg6 6. Nf3 Nd7 7. h4 h6 8. h5 Bh7 9. Bd3 Bxd3 10. Qxd3 Qc7 11. Bd2 e6 12. 0-0-0 Ngf6 13. c4 Be7 14. Bc3 0-0 15. Ne5 Rfd8 16. Qe2 Nxe5 17. dxe5 Nd7 18. f4 Nc5 19. Ne4 Nxe4 20. Qxe4 Rxd1+ 21. Rxd1 Rd8 22. Rxd8+ Qxd8 23. Qd4 Qxd4 24. Bxd4 a6 25. Kc2 g6 26. g4 Kf8 27. Kd3 Ke8 28. Ke4 gxh5 29. gxh5 b5 30. cxb5 cxb5 31. Be3 Kd7 32. f5 Bf8 33. Bf2 Be7 34. Be3 Bf8 35. Ba7 Bb4 36. Be3 Bf8 1/2-1/2

[Event "Financial Concept op 6th"]
[Site "North Bay"]
[Date "1999.08.08"]
[Round "9"]
[White "Yee, Lorne"]
[Black "Filipovich, David"]
[Result "1/2-1/2"]
[WhiteElo "2084"]
[BlackElo "2236"]
[PlyCount "97"]
[EventDate "1999.08.04"]
[EventType "swiss"]
[EventRounds "9"]
[EventCountry "CAN"]
[SourceTitle "EXT 2000"]
[Source "ChessBase"]
[SourceDate "1999.11.16"]
[SourceVersion "1"]
[SourceVersionDate "1999.11.16"]
[SourceQuality "1"]

1. c4 Nf6 2. Nc3 c5 3. e4 Nc6 4. Nge2 g6 5. g3 Bg7 6. Bg2 d6 7. d3 0-0 8. 0-0 Ne8 9. Be3 Nc7 10. Qd2 Rb8 11. Rac1 a6 12. Nd5 Ne6 13. f4 Ned4 14. h3 b5 15. b3 bxc4 16. dxc4 Bd7 17. Bf2 Nxe2+ 18. Qxe2 Nd4 19. Qd3 a5 20. Rb1 e6 21. Nc3 Bc6 22. Ne2 e5 23. Nxd4 exd4 24. Rfe1 Qc7 25. a3 Ra8 26. b4 axb4 27. axb4 Ra2 28. b5 Bb7 29. Ra1 Rfa8 30. Rxa2 Rxa2 31. Re2 Qa5 32. Rxa2 Qxa2 33. Bf3 Bc8 34. Bg2 Qa1+ 35. Kh2 Qb2 36. Kg1 Be6 37. Bf1 Qc1 38. Kg2 Qb2 39. Qe2 Qa1 40. Qe1 Qa8 41. Kh2 Bf6 42. Qb1 Bd8 43. g4 Bc8 44. Bd3 Qa3 45. Bg3 Qa5 46. Qb2 Qb6 47. Qa2 Bb7 48. Be1 Qc7 49. Bg3 1/2-1/2

[Event "Financial Concept op 6th"]
[Site "North Bay"]
[Date "1999.08.06"]
[Round "6"]
[White "Yee, Lorne"]
[Black "Ciaffone, Robert"]
[Result "1-0"]
[WhiteElo "2084"]
[BlackElo "2197"]
[PlyCount "76"]
[EventDate "1999.08.04"]
[EventType "swiss"]
[EventRounds "9"]
[EventCountry "CAN"]
[SourceTitle "EXT 2000"]
[Source "ChessBase"]
[SourceDate "1999.11.16"]
[SourceVersion "1"]
[SourceVersionDate "1999.11.16"]
[SourceQuality "1"]

1. c4 e6 2. Nc3 d5 3. d4 c6 4. cxd5 exd5 5. Nf3 Bf5 6. Bf4 Qb6 7. Qd2 Nd7 8. e3 Ngf6 9. a3 a5 10. Be2 Be7 11. h3 h6 12. 0-0 0-0 13. Rfc1 Qd8 14. Bd3 Bxd3 15. Qxd3 Re8 16. Rab1 a4 17. Nd2 Bf8 18. Re1 b5 19. f3 Nb6 20. e4 Qd7 21. e5 Nh7 22. Be3 Nc4 23. f4 f5 24. Kh2 Kh8 25. Bf2 Qf7 26. Nxc4 dxc4 27. Qf3 Rac8 28. Rbd1 Red8 29. d5 cxd5 30. Bb6 Re8 31. Rxd5 Be7 32. Nxb5 Nf8 33. Red1 Qe6 34. Nd6 Bxd6 35. Rxd6 Qf7 36. Ba5 Kh7 37. Qe3 Qb7 38. Bb4 Ng6 1-0

[Event "Financial Concept op 6th"]
[Site "North Bay"]
[Date "1999.08.05"]
[Round "4"]
[White "Yee, Lorne"]
[Black "Baragar, Fletcher"]
[Result "0-1"]
[WhiteElo "2084"]
[BlackElo "2305"]
[PlyCount "151"]
[EventDate "1999.08.04"]
[EventType "swiss"]
[EventRounds "9"]
[EventCountry "CAN"]
[SourceTitle "EXT 2000"]
[Source "ChessBase"]
[SourceDate "1999.11.16"]
[SourceVersion "1"]
[SourceVersionDate "1999.11.16"]
[SourceQuality "1"]

1. c4 e5 2. Nc3 d6 3. g3 g6 4. Bg2 Bg7 5. e3 f5 6. Nge2 Nf6 7. d3 0-0 8. 0-0 a5 9. Rb1 Nc6 10. a3 g5 11. f4 h6 12. b4 axb4 13. axb4 Ne7 14. Qc2 Ng6 15. b5 Kh8 16. Nd5 Nxd5 17. Bxd5 Qe8 18. Bf3 Rg8 19. Kh1 Ne7 20. Nc3 Qg6 21. Bd2 gxf4 22. gxf4 exf4 23. Rg1 Qf7 24. exf4 Bd4 25. Rxg8+ Qxg8 26. Ne2 Bf6 27. Rg1 Qf8 28. Bc3 c6 29. Qb2 Bxc3 30. Qxc3+ Kh7 31. bxc6 bxc6 32. Ng3 Qh8 33. Qe1 Ng6 34. Bh5 Nxf4 35. Qe7+ Qg7 36. Qxg7+ Kxg7 37. Ne2+ Kf6 38. Nxf4 Ke5 39. Ne2 c5 40. Bf3 Ra2 41. Rg8 Bd7 42. Rh8 Rd2 43. Rxh6 Rxd3 44. Bd5 f4 45. Rh5+ Bf5 46. Kg2 Rd2 47. Kf3 Rd3+ 48. Kf2 Rd2 49. Ke1 Rc2 50. Bg8 Ke4 51. Kf2 Rxe2+ 52. Kxe2 Bg4+ 53. Kf2 Bxh5 54. Bd5+ Kf5 55. Kg2 Kg5 56. Be6 Be8 57. Kf2 Bc6 58. Ke2 Be4 59. Kf2 Kf6 60. Bg8 Ke5 61. Ke2 d5 62. cxd5 Bxd5 63. Bh7 c4 64. h4 Bf7 65. Bc2 Bh5+ 66. Kd2 Kd4 67. Bf5 c3+ 68. Kc2 f3 69. Bh3 Bg6+ 70. Kc1 Ke3 71. Kd1 Kf2 72. h5 Bh7 73. h6 Kg1 74. Ke1 f2+ 75. Ke2 Bf5 76. Bf1 0-1

[Event "North Bay op"]
[Site "North Bay"]
[Date "1994.08.04"]
[Round "1"]
[White "Jay, B."]
[Black "Yee, Lorne"]
[Result "0-1"]
[WhiteElo "2196"]
[BlackElo "2103"]
[PlyCount "66"]
[EventDate "1994.08.04"]
[EventType "swiss"]
[EventRounds "8"]
[EventCountry "CAN"]
[SourceTitle "EXT 2022"]
[Source "ChessBase"]
[SourceDate "2021.10.06"]
[SourceVersion "1"]
[SourceVersionDate "2021.10.06"]
[SourceQuality "1"]

1. f4 d5 2. g3 g6 3. Bg2 c5 4. c3 Nf6 5. d3 Nc6 6. Na3 Bg7 7. Nc2 0-0 8. Nh3 Rb8 9. 0-0 b5 10. Nf2 b4 11. c4 e6 12. e4 dxe4 13. dxe4 e5 14. Be3 Qe7 15. Nd3 Nd7 16. f5 Nd4 17. b3 Bb7 18. g4 g5 19. h4 h6 20. hxg5 hxg5 21. Qd2 f6 22. Kf2 Kf7 23. Rh1 Rh8 24. Bf3 Qd6 25. Kg2 Nxf3 26. Nxe5+ Qxe5 27. Qxd7+ Kf8 28. Rxh8+ Bxh8 29. Rh1 Nh4+ 30. Rxh4 gxh4 31. Bxc5+ Qxc5 32. Nd4 Bxe4+ 33. Kf1 Re8 0-1

[Event "Toronto int"]
[Site "Toronto"]
[Date "1984.07.22"]
[Round "2"]
[White "Yee, Lorne"]
[Black "Lim, Robert"]
[Result "0-1"]
[WhiteElo "2120"]
[BlackElo "1885"]
[PlyCount "79"]
[EventDate "1984.07.21"]
[EventType "tourn"]
[EventRounds "10"]
[EventCountry "CAN"]
[SourceTitle "EXT 2022"]
[Source "ChessBase"]
[SourceDate "2021.10.06"]
[SourceVersion "1"]
[SourceVersionDate "2021.10.06"]
[SourceQuality "1"]

1. c4 Nf6 2. Nc3 g6 3. e4 d6 4. d4 Bg7 5. f3 0-0 6. Be3 e5 7. Nge2 c6 8. Qd2 Na6 9. d5 cxd5 10. cxd5 Bd7 11. Nc1 Nc7 12. a4 Nh5 13. Bb5 Nxb5 14. axb5 f5 15. exf5 gxf5 16. 0-0 f4 17. Bf2 Kh8 18. Qe2 Qe8 19. Nb3 Rg8 20. Rxa7 Rxa7 21. Bxa7 Bh6 22. Kf2 Qe7 23. Ke1 Qh4+ 24. Bf2 Qxh2 25. Ne4 Bc8 26. Na5 Rxg2 27. Qc4 Ng3 28. Nc6 Nxf1 29. Qxf1 Bh3 30. Nd8 Rg7 31. Qe2 Qh1+ 32. Kd2 Rc7 33. Be1 Bf8 34. Qf2 Rg7 35. Ng5 Be7 36. Ndf7+ Kg8 37. Qb6 Qg2+ 38. Kc1 Bxg5 39. Nxd6 Qe2 40. Bd2 0-1

[Event "Toronto"]
[Site "Toronto"]
[Date "1984.03.04"]
[Round "9"]
[White "Yee, Lorne"]
[Black "Stone, Raymond"]
[Result "1/2-1/2"]
[WhiteElo "2105"]
[BlackElo "2331"]
[PlyCount "83"]
[EventDate "1984.01.31"]
[EventType "tourn"]
[EventRounds "11"]
[EventCountry "CAN"]
[SourceTitle "EXT 2022"]
[Source "ChessBase"]
[SourceDate "2021.10.06"]
[SourceVersion "1"]
[SourceVersionDate "2021.10.06"]
[SourceQuality "1"]

1. c4 Nf6 2. Nc3 c5 3. Nf3 e6 4. g3 b6 5. Bg2 Bb7 6. 0-0 Be7 7. Re1 d5 8. cxd5 exd5 9. d4 0-0 10. Bf4 Ne4 11. Nd2 Nxc3 12. bxc3 Nc6 13. dxc5 bxc5 14. Rb1 Na5 15. Nb3 Nxb3 16. Qxb3 Bc6 17. Red1 c4 18. Qc2 Qa5 19. Qd2 Bf6 20. Rb4 Rad8 21. Be3 d4 22. cxd4 Bxg2 23. Kxg2 Bxd4 24. Bxd4 Rxd4 25. Qxd4 Qxb4 26. Rc1 Rc8 27. Rc2 Qa4 28. Qe4 g6 29. Rb2 Qa3 30. Qb7 Qc5 31. Rb5 Qf8 32. Rb2 c3 33. Rc2 Qc5 34. h4 h5 35. Qf3 Qd4 36. Qd3 Qc5 37. Qf3 Kg7 38. Qe4 Rc6 39. Qd3 Kg8 40. e3 Rc8 41. Qd4 Qc6+ 42. e4 1/2-1/2

[Event "Toronto"]
[Site "Toronto"]
[Date "1984.02.17"]
[Round "6"]
[White "Yee, Lorne"]
[Black "Day, Lawrence A"]
[Result "1/2-1/2"]
[WhiteElo "2105"]
[BlackElo "2435"]
[PlyCount "113"]
[EventDate "1984.01.31"]
[EventType "tourn"]
[EventRounds "11"]
[EventCountry "CAN"]
[SourceTitle "EXT 2022"]
[Source "ChessBase"]
[SourceDate "2021.10.06"]
[SourceVersion "1"]
[SourceVersionDate "2021.10.06"]
[SourceQuality "1"]

1. d4 d5 2. c4 Nc6 3. Nf3 Bg4 4. cxd5 Bxf3 5. gxf3 Qxd5 6. e3 e5 7. Nc3 Bb4 8. Bd2 Bxc3 9. bxc3 exd4 10. cxd4 Nge7 11. Be2 0-0-0 12. Qb3 Rhe8 13. Rb1 b6 14. Qxd5 Nxd5 15. Rg1 g6 16. Ba6+ Kb8 17. Kf1 f5 18. Kg2 Ka8 19. Rgc1 Nb8 20. Bc4 Kb7 21. Re1 Nf6 22. Bc3 Nc6 23. Rbd1 a6 24. a4 Rd6 25. Bb2 Nb4 26. Rc1 Nfd5 27. Ba3 Rc6 28. Kf1 a5 29. e4 Nf4 30. Bxb4 axb4 31. e5 Ra8 32. e6 Rxc4 33. Rxc4 Nd5 34. Re5 c6 35. Ke1 Re8 36. Kd2 b3 37. Kc1 Nf4 38. Rc3 Rxe6 39. Rxb3 Rd6 40. Re7+ Ka6 41. Kb2 h5 42. Re8 Rxd4 43. Rb8 Nd5 44. Ka3 Rh4 45. Rg8 Rxh2 46. Rxg6 c5 47. Rg5 Ne7 48. Re3 Nc6 49. Rxf5 Nd4 50. Rf7 Nc2+ 51. Kb3 Nxe3 52. fxe3 h4 53. Rh7 h3 54. e4 Rh1 55. e5 h2 56. Ka2 Re1 57. Rxh2 1/2-1/2

[Event "Toronto"]
[Site "Toronto"]
[Date "1984.01.31"]
[Round "2"]
[White "Yee, Lorne"]
[Black "Nickoloff, Bryon"]
[Result "1/2-1/2"]
[WhiteElo "2105"]
[BlackElo "2420"]
[PlyCount "65"]
[EventDate "1984.01.31"]
[EventType "tourn"]
[EventRounds "11"]
[EventCountry "CAN"]
[SourceTitle "EXT 2022"]
[Source "ChessBase"]
[SourceDate "2021.10.06"]
[SourceVersion "1"]
[SourceVersionDate "2021.10.06"]
[SourceQuality "1"]

1. d4 Nf6 2. c4 e6 3. Nf3 b6 4. g3 Ba6 5. Nbd2 Bb7 6. Bg2 c5 7. 0-0 Be7 8. dxc5 bxc5 9. b3 Qc7 10. Qc2 Nc6 11. Bb2 d6 12. Ne4 Nb4 13. Nxf6+ Bxf6 14. Qd2 Bxb2 15. Qxb2 0-0 16. Rfd1 a5 17. a3 Nc6 18. Qc2 h6 19. Rd2 a4 20. bxa4 Rab8 21. Rb1 Ba6 22. Rb5 Bxb5 23. axb5 Na5 24. a4 Rfd8 25. Ne1 Nb7 26. Nd3 Ra8 27. Nb2 Ra7 28. Qd1 Na5 29. Qc2 Qb6 30. e4 Nb7 31. Kf1 Qa5 32. Rd3 Qb6 33. Qd1 1/2-1/2